-
Sutherlaud, Max and other
Entry Personal Name
Number of records used in: 1
001 - CONTROL NUMBER
003 - CONTROL NUMBER IDENTIFIER
005 - DATE AND TIME OF LATEST TRANSACTION
- control field:
20160531095124.0
008 - FIXED-LENGTH DATA ELEMENTS
- fixed length control field:
160531|| aca||aabn | a|a d
040 ## - CATALOGING SOURCE
- Original cataloging agency:
OSt
- Transcribing agency:
OSt
100 ## - HEADING--PERSONAL NAME
- Personal name:
Sutherlaud, Max and other
670 ## - SOURCE DATA FOUND
- Source citation:
Work cat.: (OSt): Sutherlaud, Max and other, Advertising and The mind of the Consenner, 2004